عرض عادي
عرض مارك
- Garrett, Reginald H.
مدخل إسم شخص
001 - رقم الضبط
- حقل الضبط: 36445
003 - معرف رقم الضبط
- حقل الضبط: OSt
005 - تاريخ ووقت أخر عملية
- حقل الضبط: 20130805113527.0
008 - عناصر بيانات ثابتة الطول
- حقل تحكم ثابت الطول: 130805|||a|||||| | ||| d
040 ## - مصدر الفهرسة
- هيئة الفهرسة الأصلية: OSt
- وكالة الكتابة: OSt
100 ## - مدخل -- أسم شخص
- إسم شخص: Garrett, Reginald H.
670 ## - بيانات المصدر موجوده
- الاستشهاد بالمصدر: Work cat.: (OSt): Garrett, Reginald H., Biochemistry /, 2013.
